Innovation district planning : (Record no. 31081)

MARC details
000 -LEADER
fixed length control field 01495nam a22003858i 4500
001 - CONTROL NUMBER
control field 021420337
003 - CONTROL NUMBER IDENTIFIER
control field EG-ScBUE
005 - DATE AND TIME OF LATEST TRANSACTION
control field 20260208095354.0
008 - FIXED-LENGTH DATA ELEMENTS--GENERAL INFORMATION
fixed length control field 240129s2024 flua f b 001 0 eng d
020 ## - INTERNATIONAL STANDARD BOOK NUMBER
International Standard Book Number 9781032657011
040 ## - CATALOGING SOURCE
Original cataloging agency StDuBDS
Language of cataloging eng
Description conventions rda
Transcribing agency StDuBDS
Modifying agency EG-ScBUE
082 04 - DEWEY DECIMAL CLASSIFICATION NUMBER
Classification number 307.1216099431
Edition number 22
Item number INN
245 00 - TITLE STATEMENT
Title Innovation district planning :
Remainder of title concept, framework, practice /
Statement of responsibility, etc Tan Yigitcanlar, Surabhi Pancholi, Niusha Esmaeilpoorarabi and Rosemary Adu-McVie.
264 #1 - PUBLICATION, DISTRIBUTION, ETC. (IMPRINT)
Place of publication, distribution, etc Boca Raton :
Name of publisher, distributor, etc Chapman & Hall/CRC,
Date of publication, distribution, etc 2024.
300 ## - PHYSICAL DESCRIPTION
Extent 516 pages :
Other physical details illustrations (black and white) ;
Dimensions 24 cm
336 ## - CONTENT TYPE
Content type term text
Source rdacontent
Content type code txt
336 ## - CONTENT TYPE
Content type term still image
Source rdacontent
Content type code txt
337 ## - MEDIA TYPE
Media type term unmediated
Source rdamedia
Media type code n
338 ## - CARRIER TYPE
Carrier type term volume
Source rdacarrier
Carrier type code nc
504 ## - BIBLIOGRAPHY, ETC. NOTE
Bibliography, etc Includes bibliographical references and index.
650 #7 - SUBJECT ADDED ENTRY--TOPICAL TERM
Topical term or geographic name as entry element City planning
Form subdivision Case studies.
Source of heading or term BUEsh
650 #7 - SUBJECT ADDED ENTRY--TOPICAL TERM
Topical term or geographic name as entry element Research parks
Form subdivision Case studies.
Source of heading or term BUEsh
650 #7 - SUBJECT ADDED ENTRY--TOPICAL TERM
Topical term or geographic name as entry element Knowledge economy
Form subdivision Case studies.
Source of heading or term BUEsh
650 #7 - SUBJECT ADDED ENTRY--TOPICAL TERM
Topical term or geographic name as entry element Cities and towns
General subdivision Effect of technological innovations on
Form subdivision Case studies.
Source of heading or term BUEsh
650 #7 - SUBJECT ADDED ENTRY--TOPICAL TERM
Topical term or geographic name as entry element Economic development
Form subdivision Case studies.
Source of heading or term BUEsh
650 #7 - SUBJECT ADDED ENTRY--TOPICAL TERM
Topical term or geographic name as entry element Urban economics
Form subdivision Case studies.
Source of heading or term BUEsh
653 ## - INDEX TERM--UNCONTROLLED
Arrived date list February2026
Resource For college Engineering, Architecture
655 ## - INDEX TERM--GENRE/FORM
Form subdivision Reading book
700 1# - ADDED ENTRY--PERSONAL NAME
Personal name Yigitcanlar, Tan,
Relator term author.
700 1# - ADDED ENTRY--PERSONAL NAME
Personal name Pancholi, Surabhi,
Relator term author.
700 1# - ADDED ENTRY--PERSONAL NAME
Personal name Esmaeilpoorarabi, Niusha,
Relator term author.
700 1# - ADDED ENTRY--PERSONAL NAME
Personal name Adu-McVie, Rosemary,
Relator term author.
942 ## - ADDED ENTRY ELEMENTS (KOHA)
Source of classification or shelving scheme Dewey Decimal Classification
Koha item type Book - Borrowing
Holdings
Withdrawn status Lost status Source of classification or shelving scheme Damaged status Not for loan Collection code Home library Current library Shelving location Date acquired Source of acquisition Cost, normal purchase price Serial Enumeration / chronology Total Checkouts Full call number Barcode Date last seen Cost, replacement price Price effective from Koha item type
    Dewey Decimal Classification     Alahram Central Library Central Library First floor 08/02/2026 Purchase 2600.00 58   307.1216099431 INN 000057484 08/02/2026 3250.00 08/02/2026 Book - Borrowing